Online
Catalog

Capacitación de vendedores : | entrenamiento en el campo de trabajo / (Record no. 38371)

MARC details
000 -CABECERA
campo de control de longitud fija 00445nam a2200145 a 4500
001 - NÚMERO DE CONTROL
campo de control 000038881
005 - FECHA Y HORA DE LA ÚLTIMA TRANSACCIÓN
campo de control 20201002031414.0
008 - DATOS DE LONGITUD FIJA--INFORMACIÓN GENERAL
campo de control de longitud fija 130501s1988 ck a 000 0 spa d
020 ## - NÚMERO INTERNACIONAL ESTÁNDAR DEL LIBRO
Número Internacional Estándar del Libro 9580405700
040 ## - FUENTE DE LA CATALOGACIÓN
Centro catalogador/agencia de origen DO-SdBNP
Lengua de catalogación spa
Centro/agencia transcriptor BNPHU
100 1# - ENTRADA PRINCIPAL--NOMBRE DE PERSONA
Nombre de persona Lidstone, John
9 (RLIN) 65152
245 10 - MENCIÓN DE TÍTULO
Título Capacitación de vendedores :
-- entrenamiento en el campo de trabajo /
Mención de responsabilidad, etc. John Lidstone.
260 ## - PUBLICACIÓN, DISTRIBUCIÓN, ETC.
Lugar de publicación, distribución, etc. Bogotá :
Nombre del editor, distribuidor, etc. Norma ,
Fecha de publicación, distribución, etc. 1988.
300 ## - DESCRIPCIÓN FÍSICA
Extensión 279 p. :
Otras características físicas il. ;
Dimensiones 23 cm.
Holdings
Estado de retiro Estado de pérdida Restricciones de uso No para préstamo Código de colección Localización permanente Ubicación/localización actual Ubicación en estantería Fecha de adquisición Número de inventario Total de préstamos Signatura topográfica completa Código de barras Fecha visto por última vez Precio válido a partir de Tipo de ítem Koha
      Excluido de préstamo Monografías: Libros y Folletos Patrimonio Dominicano Patrimonio Dominicano En catalogación 01.05.2013 LF1   38881-10 25.06.2020 25.06.2020 No se presta

Powered by Koha